000 01130nam a2200265Ia 4500
003 OSt
005 20221005105257.0
006 a|||||r|||| 00| 0
007 ta
008 221004b |||||||| |||| 00| 0 hin d
020 _a8170166071 (hbk)
_c250
024 _a105707
037 _b12953, 18/03/2011, Kitab Ghar
_cTextual
040 _aCRL
_cCRL
_bhin
041 _2hin
_ahin
082 _aV53:21wL69, 152P6
100 _aलुड्विग, एमिल
245 0 _aनेपोलियन बोनापार्ट
_b विश्व इतिहास का एक महान योद्धा
246 _aNepoliyan bonāpārṭa: vishva itihās kā ek mahān yoddhā
260 _aनई दिल्ली
_bकिताबघर भारत
_c2006
300 _a316पृ0
_ccm.
700 _a तिवारी, विनोद कुमार, अनु.
_9623883
942 _hV53:21wL69, 152P6
_cTEXL
_2cc
999 _c1015346
_d1015346